| 000 | 00371nam a22001337a 4500 | ||
|---|---|---|---|
| 020 | _a0748774645 | ||
| 082 |
_a808.066 _bBEA |
||
| 100 | _aDuncan Beal, David Stone | ||
| 245 |
_aAssessing GCSE English a practical approach to writing skills _cDuncan Beal, David Stone |
||
| 260 |
_aUK _bNelson Thornes _c2003 |
||
| 300 | _a152p | ||
| 563 | _aPB | ||
| 942 |
_2ddc _cBK |
||
| 999 |
_c595387 _d595387 |
||